LEADER 00885nam a2200193 i 4500 001 000000240785 003 CaOOAMICUS 005 20150410000000.0 008 150410s1827 it u000 u fre u 013 $a219690 026 $atola poil i-i, dini (C) 1827 (R) 040 $aSeMil$bita 245 10$aCorso di spirituali esercizi per gli ecclesiastici del padre Pacifico Deani M. O. Vol. unico. 300 $a151, [6], 154-266, [2] p. 500 $aLegato con 3D-IV-136 FA. 773 0 $aDeani, Pacifico$tOpere del padre Pacifico Deani M. O. Volume 1. [-8].$dBrescia : Nel Pio Istituto in San Barnaba : Tip. Pasini, 1825-1827.$g8$w()31739 850 $aSeMil 852 $aSeMil$W1$xVenegono$y1$m3D IV 137 FA$j191131$B191131$CSeMilBibl$Z2$F201949 $8I 996 $6245$aCorso di spirituali esercizi per gli ecclesiastici del padre Pacifico Deani M. O. Vol. unico$9(OLS)http://semarc/title/342342 LEADER 00990nam a2200241 i 4500 001 000000051483 003 CaOOAMICUS 005 20100517000000.0 008 100517s1984 xx u000 u spa u 013 $a22655 040 $aSeMil$bita 100 1 $aSuazo, F.$0(OLS)http://semarc/name/25454 245 10$aConsagrado a Dios en la clase obrera /$cF. Suazo ; epělogo Jesús Espeja Pardo. 260 $aSalamanca :$bEditorial San Esteban,$c1984. 300 $a201 p. ;$c22 cm. 490 0 $aAriadna ;$v3 650 4$aPreti operai.$0(OLS)http://semarc/subject/8156 700 1 $aEspeja Pardo, Jesús,$c.$0(OLS)http://semarc/name/90312 830 0$aAriadna ;$v3.$0(OLS)http://semarc/title/21965 850 $aSeMil 852 $aSeMil$W1$xVenegono$y1$m2F IV 168$j17638$B17638$CSeMilBibl$Z2$F17639 $81 996 $6245$aConsagrado a Dios en la clase obrera$9(OLS)http://semarc/title/78856 996 $6260$aSalamanca :$bEditorial San Esteban$9(OLS)http://semarc/publisher/31142